000 00769cab a2200289 4500
001 X2012
008 090401t1995 xxu||||| |||| 00| 0 eng d
035 _a(Sirsi) u21129
041 _aeng
245 _aMembers` affairs: General practice
260 _c1995
350 _a0
490 _aCSM (Chartered Surveyor Monthly)
_v4(4) February 1995, 41(1)
650 _aAPC
_96216
650 _aAPC
_96216
650 _aCOMMERCIAL PROPERTY INDEX
650 _aCONTINUING PROFESSIONAL DEVELOPMENT
650 _aCOUNCIL OF MORTGAGE LENDERS
650 _aCPD
650 _aDOOMSDAY 2000
650 _aNON-DOMESTIC RATING REVALUATION
650 _aORDNANCE SURVEY
650 _aSTAFF REORGANISATION
690 _aHOUSING
942 _n0
948 _c04/03/1997
999 _c14179
_d14179